[Event "Excelsior Cup"]
[Site "Gothenburg"]
[Date "2002.01.09"]
[Round "2"]
[White "Marin, Mihail"]
[Black "Barkhagen, Jonas"]
[Result "1/2-1/2"]
[WhiteElo "2551"]
[BlackElo "2464"]
[Annotator "Marin,M"]
[PlyCount "115"]
[EventDate "2002.01.08"]
[EventType "tourn"]
[EventRounds "9"]
[EventCountry "SWE"]
[EventCategory "9"]
[SourceTitle "EXT 2003"]
[Source "ChessBase"]
[SourceDate "2002.11.25"]
[SourceVersion "1"]
[SourceVersionDate "2002.11.25"]
[SourceQuality "1"]

1. c4 Nf6 2. Nc3 e5 3. Nf3 Nc6 4. g3 Bb4 5. Nd5 Bc5 6. Bg2 O-O 7. O-O d6 8. d3
h6 9. e3 Bg4 10. h3 Bh5 11. a3 $5 Nxd5 ({Schwarz wollte den schwächenden Zug} 
11... a5 {vermeiden, sobald der Läufer von der Diagonale h3-c8 abgelenkt war.
Weiß hätte} 12. Nc3 {spielen können, ohne Angst vor Be6 und d6-d5 haben zu
müssen.}) (11... Bb6 {war eine andere Möglichkeit; es droht Nxd5 und Weiß wird
eingeladen, den stolzen Springer gegen das Läuferpaar zu geben:} 12. Nxb6 axb6
{Weiß hätte Probleme, seine Entwicklung natürlich zu beenden, da} 13. b4 {an}
Nxb4 {scheitert.}) 12. cxd5 Ne7 (12... Bxf3 13. Bxf3 Ne7 14. b4 Bb6 15. a4 a5
16. bxa5 $14 {><b7, Barkhagen}) 13. g4 Bg6 14. d4 $14 exd4 15. Nxd4 Bxd4 16.
Qxd4 f5 17. b4 Qd7 18. Bb2 Rf7 {Der leicht geschwächte weiße Königsflügel gibt
Schwarz gewisses Gegenspiel, was den weißen Vorteil in Grenzen hält.} 19. Kh2 (
19. Rad1 a5 $5) 19... Raf8 ({Schwarz ignoriert die Möglichkeit, das stabile
weiße Zentrum zu untergraben:} 19... c5 $5) 20. f4 fxg4 21. e4 Bh5 $1 {/\ Ng6}
22. f5 g3+ 23. Kh1 $5 (23. Kxg3 c6 24. dxc6 Nxc6 25. Qe3 $14) 23... c6 24. Bf3
g2+ (24... Nxf5 $2 25. exf5 Qxf5 26. Bg2 $16) 25. Kxg2 Bxf3+ 26. Rxf3 Ng6 (
26... cxd5 27. Rg3 Nc6 28. Qxd5 $16) 27. Kh1 cxd5 (27... Ne5 28. Rg3 $14) 28.
Qxd5 Ne7 29. Qb3 Kh7 (29... d5 30. Rg1 $16) 30. Rd1 Qc6 31. Qd3 b5 $1 (31...
Ng8 32. b5 $1) 32. Rd2 $1 (32. f6 Ng6 $1) 32... Ng8 33. Rc2 (33. Qxd6 $5 Qxe4
34. Qg6+ Kh8 35. Rg2 Qe7 36. Rfg3 (36. Re3 Qb7 37. Reg3) 36... Nf6 37. Bxf6 (
37. Kh2 $5) 37... Rxf6 (37... Qxf6 38. Qxf6 gxf6 39. Rg6 $1 $16 Kh7 $2 40. R2g4
$40) 38. Qxg7+ Qxg7 39. Rxg7 Rxf5 (39... a6 40. R7g6 Kh7 $14) 40. Rxa7 Rf1+ $14
) 33... Qb7 34. Qxd6 Nf6 (34... Qxe4 $14) 35. Re2 Re8 $1 (35... Nxe4 36. Qg6+
Kg8 37. Bxg7 $1 $18) 36. Bxf6 Rxe4 37. Bxg7 $1 Rxg7 38. Rxe4 (38. Qd3 Rxe2 39.
f6+ Qe4 $1 $11) 38... Qxe4 39. Qd3 Qxd3 40. Rxd3 Rg5 41. Rd7+ Rg7 42. Rd6 Rg3 (
42... Rg5) 43. Ra6 Rxh3+ 44. Kg2 Rh5 45. Rxa7+ Kg8 46. f6 Rg5+ $1 (46... Rf5
47. Rb7 Kf8 48. Kg3 h5 49. Kh4 {/\R h7xh5 or R g7-g5}) 47. Kh2 (47. Kh3 Rf5 48.
Rb7 Rxf6 $11 {/\ R f3}) 47... Rf5 48. Rb7 Rf3 49. f7+ Kf8 50. Rxb5 Rxa3 51. Rf5
Rb3 52. Rf4 (52. b5 $11 h5) 52... h5 53. Kh1 Rb2 54. Kg1 h4 55. Kh1 h3 56. Kg1
Rb1+ (56... h2+ $4 57. Kh1 $22 $18 Re2 58. b5 Rb2 59. Rf5 Rd2 60. b6 Rb2 61.
Rf6 Rc2 62. b7 Rb2 63. Rh6 Kxf7 (63... Rxb7 64. Rh8+ $18) 64. Rh8 $18) 57. Kh2
Rb3 58. Kh1 1/2-1/2

[Event "Excelsior Cup"]
[Site "Gothenburg"]
[Date "2002.01.13"]
[Round "6"]
[White "Marin, Mihail"]
[Black "Kinnmark, Ove"]
[Result "1-0"]
[WhiteElo "2551"]
[BlackElo "2365"]
[Annotator "Marin,M"]
[PlyCount "118"]
[EventDate "2002.01.08"]
[EventType "tourn"]
[EventRounds "9"]
[EventCountry "SWE"]
[EventCategory "9"]
[SourceTitle "EXT 2003"]
[Source "ChessBase"]
[SourceDate "2002.11.25"]
[SourceVersion "1"]
[SourceVersionDate "2002.11.25"]
[SourceQuality "1"]

1. c4 e5 2. g3 Nf6 3. Bg2 Nc6 4. Nf3 Bc5 5. O-O d6 6. d3 O-O 7. Nc3 h6 8. a3 a5
9. b3 Nd4 10. Ne1 c6 11. e3 Nf5 12. Nf3 {Schwarz hat das Feld d5 unter seine
Kontrolle gebracht, aber der Springer steht auf f5 wahrscheinlich schlechter
als auf c6: er versperrt dem weißfeldrigen Läufer die Diagonale und hat keine
konkreten Aussichten.} Bb6 13. Bb2 Re8 14. Na4 Ba7 $5 (14... Bc7 15. e4 Ne7 16.
d4 Nxe4 17. Qc2 d5 18. cxd5 cxd5 19. Rac1 Bb8 20. dxe5 $16) 15. c5 b5 (15... e4
16. dxe4 (16. Bxf6 Qxf6 17. dxe4 Rxe4 18. Nd2 Re6 19. Ne4 Qe7) (16. Nd2 exd3
17. e4 Ne7 18. cxd6 Ng6 $1) 16... Nxe4 (16... Rxe4 17. Nd4 $16) 17. g4 $1 Nh4
18. Qd4 Nxf3+ 19. Bxf3 Nf6 (19... Qf6 $2 20. Qxe4 $1) 20. Rad1 d5 21. Nb6 $1 (
21. h4 Bb8) 21... Bxb6 22. cxb6 $16 {Weiß hat das Läuferpaar und starken Druck
auf beiden Flügeln.}) 16. cxb6 Bxb6 17. e4 (17. Rc1 $1 Ne7 (17... Bd7 18. e4
Nd4 19. Nxd4 Bxd4 20. Bxd4 exd4 21. Rc4 c5 22. e5 Rxe5 23. Bxa8 Qxa8 24. Nb6
$16) 18. e4 Bg4 19. h3 Bxf3 20. Bxf3 $14) 17... Nd4 18. Nxd4 Bxd4 19. Bxd4 exd4
20. Rc1 Ra6 $1 $13 {Obwohl die weiße Struktur generell betrachtet, günstiger
zu sein scheint, ist die Lage nicht klar. Der weiße Springer am Rand ist nicht
allzu beweglich und zu viele weiße Bauern stehen auf weißen Feldern. Der Pb3
ist genauso schwach wie der Pc6.} 21. Re1 Nd7 22. f4 (22. Qd2 Ne5 $1 23. h3 $2
Bxh3 $1) 22... Nb6 23. Nb2 (23. Rxc6 $2 Nxa4 24. Rxa6 Nc3 $19) 23... Bd7 24.
Qh5 Ra7 25. e5 $14 d5 {פb2, Bg2} 26. f5 Rc7 (26... Qg5 27. Qxg5 hxg5 28. e6 $1
) 27. Rc5 Qg5 $138 28. Qxg5 hxg5 29. g4 Ra8 30. Nd1 Rb7 31. Nf2 Nc8 32. Rb1 $2
Be8 33. Nh3 $1 Re7 (33... f6 34. Rxd5 $1) 34. Re1 (34. Nxg5 Rxe5 35. Nf3 Re3
36. Rd1 $18) 34... Rb7 35. e6 $2 f6 $1 $17 {Der vorgerückte Bauer des Weißen
ist keine wirkliche Gefahr, während die Schwäche des Damenflügels kritisch ist.
Die weißen Leichtfiguren werden durch die Bauernketten auch stärker
eingeschränkt.} 36. Rb1 Nd6 {/\Nb5-c3} 37. a4 Rb6 38. Nf2 Ra7 39. Nh1 Rb4 40.
Ng3 Nb7 41. Rc2 Ra6 42. Nf1 Rab6 43. Nd2 Kf8 44. Kf2 Ke7 45. Kg3 Kd6 46. Rbc1
Ra6 (46... Rxb3 $1 $17) 47. h4 gxh4+ 48. Kxh4 {/\g5} g6 {><f6} (48... g5+ 49.
Kg3 c5 50. Bxd5 $1 Kxd5 51. Ne4 Kc6 $8 52. Nxf6 Ra8 $13) 49. Bf3 {My glorious
"English Bishop" had a tough time because it was so restricted by Pd5. Few
moves ago, I started an offensive on the kingside, considering on each move
the possibility of playing... Bxd5. When my opponent carelessly played} Nd8 {
I understood that the right moment had come:} 50. Bxd5 $3 gxf5 ({It is funny
that the apparently well defended central pawn could in fact get no support
from his "team-mates":} 50... cxd5 {would allow the infiltration of the white
rooks with} 51. Rc8 Nxe6 (51... Ke7 52. R1c7+ $16) 52. fxe6 Rc6 53. R1xc6+ Bxc6
54. e7 $18) ({While after} 50... Kxd5 {the king would find himself in a mating
net; white would quickly recuperate his material with a clear advantage:} 51.
Ne4 $1 Ke5 52. Rc5+ Kf4 53. Nxf6 $16) 51. Bc4 Ra7 52. gxf5 Rbb7 53. Kg4 Rh7 54.
Ne4+ Ke5 55. Ng3 Rag7+ 56. Kf3 Rh3 (56... c5 57. Bb5 (57. Re1+ Kd6 58. Rg2 Bc6+
59. Ne4+ $16) 57... Rh3 58. Rg2 Bc6+ 59. Bxc6 Nxc6 60. Rxc5+ Kd6 61. Kf2 $3 $18
) 57. Rg2 c5 58. Kf2 (58. Bb5 $18) 58... Bc6 59. Re1+ Kd6 (59... Kf4 60. Ne2+
$18) (59... Kd6 60. Ne4+ Bxe4 61. Rxg7 Rh2+ 62. Kf1 Rh1+ 63. Rg1 $18) 1-0

[Event "EU-chT (Men) 19th"]
[Site "Warsaw"]
[Date "2013.11.10"]
[Round "3.5"]
[White "Socko, Bartosz"]
[Black "Mamedyarov, Shakhriyar"]
[Result "0-1"]
[WhiteElo "2661"]
[BlackElo "2757"]
[Annotator "Marin,M"]
[PlyCount "68"]
[EventDate "2013.11.08"]
[EventType "team-swiss"]
[EventRounds "9"]
[EventCountry "POL"]
[SourceTitle "CBM 158"]
[Source "ChessBase"]
[SourceDate "2014.01.16"]
[SourceVersion "1"]
[SourceVersionDate "2014.01.16"]
[SourceQuality "1"]
[WhiteTeam "Poland"]
[BlackTeam "Azerbaijan"]
[WhiteTeamCountry "POL"]
[BlackTeamCountry "AZE"]

1. c4 e5 2. Nc3 Nf6 3. g3 d5 4. cxd5 Nxd5 5. Bg2 Nb6 6. Nf3 Nc6 7. O-O Be7 8.
a3 O-O 9. b4 Be6 10. d3 {I used to play this quite a lot.} ({Eventually, I
switched to} 10. Rb1 f6 11. d3 {which seems to offer better chances for some
hidden form of initiative.}) 10... Nd4 11. Nxd4 {The English Opening is quite
flexible, allowing both sides a wide range of plans. For the time being, this
makes me refrain from attaching any question marks.} ({It may be a matter of
taste, but I thought} 11. Bb2 {would be the only reasonably promising move.})
11... exd4 12. Ne4 (12. Na4 Bd5 13. Nxb6 axb6 14. Bxd5 Qxd5 15. Bb2 Rfe8 16.
Qc2 c5 $15 {Ostos,J (2255)-Milos,G (2395) Thessaloniki 1988 (0-1, 33)}) 12...
Bd5 13. Bb2 {Optically, this position may look appealing for many English
Opening (or, with reversed colours, Dragon Sicilian) adherents. White's
structure is flexible, the d4-pawn cannot be defended by any of its colleagues,
there is an easy to carry out queenside minority attack, etc. And yet,
objectively things are not so simple. The d4-pawn is not in real danger, as it
can be defended by pieces. Moreover, it ensures Black a permanent space
advantage, with chances for a simple, but possibly devastating, kingside
attack. On top of it, the queenside attack is not really dangerous. I do not
wish to give an exact evaluation of this position, but despite having played
the English Opening for many many years, I would rather have the black pieces
here.} f5 14. Nd2 (14. Nc5 {is an interesting, but not entirely correct,
experiment.} Bxg2 15. Kxg2 Qd5+ 16. Kg1 Bxc5 17. bxc5 Nd7 $1 {This leaves
White struggling in a position with a pawn down.} ({White would get great
compensation after} 17... Qxc5 $6 18. Qb3+ Rf7 (18... Kh8 19. Rfc1 Qd6 20. Qb4
$14) 19. Rac1 Qd6 20. e3 dxe3 21. fxe3 $44 {[%cal Gf1f5]} Qd5 22. Qxd5 Nxd5 23.
e4 Nb6 24. Rxf5 Rxf5 25. exf5 c6 $13) 18. c6 bxc6 $17 {Velicka,P (2480)-Hracek,
Z (2625) Czechia 2010 (1/2, 35)}) 14... Bxg2 $1 {An important detail. If White
could exchange queens, all the dangers would be away for him, while the small
abstract plusses mentioned above would become more realistic. For this reason,
Black should not allow Bxd5 followed by Qb3.} (14... a5 15. Bxd5+ Qxd5 16. Qb3
Bf6 (16... axb4 17. axb4 Qxb3 18. Nxb3 Bxb4 19. Bxd4 $14 {/= Benko,P-Bely,M
Budapest 1957 (1/2, 40) and  Plachetka,J (2445)-Prandstetter,E (2415) Hradec
Kralove 1981 (1-0, 41)}) 17. Rfc1 c6 18. Qxd5+ (18. bxa5 Rxa5 {[%cal Gb3b6,
Ga5b5]} 19. a4 {[%cal Gb3b6]} Qxb3 20. Nxb3 Rxa4 21. Rxa4 Nxa4 22. Bxd4 $14)
18... Nxd5 19. Nf3 axb4 20. axb4 Nc3 21. Bxc3 dxc3 22. Ne1 Kf7 23. Nc2 $15 {
Popov,V (2592)-Matlakov,M (2604) St Petersburg 2010 (1/2, 35)}) 15. Kxg2 Bf6 (
15... Qd5+ $6 16. Nf3 $6 (16. Kg1 a5 17. Qb3 {would transpose above}) 16... c5
$1 $10 {1/2 (26) Razuvaev,Y (2560)-Krasenkow,M (2605) Reggio Emilia 1997 CBM
057 [Krasenkow,M]}) 16. Nf3 $146 {A good square for the knight, from which it
defends the king and puts pressure on d4.} ({The following game is worth
looking at, despite the low rating of both opponents.} 16. Qb3+ Kh8 17. Rac1
Qd7 18. Nf3 Rae8 19. Rfe1 Re7 {This looks consistent, but also time consuming.}
({Let us check what could happen if Black would go more or less the same way
as in our main game:} 19... f4 20. Rc5 c6 {Since White has been fast in
controlling the d5-square, this weakening move is necessary.} 21. b5 Nd5 22.
bxc6 bxc6 23. Qc4 {We can notice that by having saved the move a3-a4 (played
by Socko a bit later) White has got some counterplay. Still, it does not
promise more than equality.} fxg3 24. hxg3 Qg4 ({The most ambitious way.} 24...
Nf4+ $5 {would lead to perpetual only.} 25. gxf4 Qg4+ 26. Kh1 $140 $2 Rxe2 $1
$40) 25. Nh2 (25. Bc1 Be5 26. Rxc6 Bxg3 27. Qxd5 Bf4+ 28. Kh1 Qh3+ 29. Kg1 Re5
$19) 25... Qg6 26. Nf3 Re6 27. Bc1 Be7 28. Qxd4 Bxc5 29. Qxc5 $44) 20. b5 Rfe8
21. Rc2 f4 22. a4 {Now that Black has spent some extra tempi, White can also
afford to bring in the last reserves.} g5 {Jocys,D (2220)-Vaitonis,V (2013)
Klaipeda 2013 (1-0, 41)} 23. Ba3 Rg7 (23... g4 24. Bxe7 gxf3+ 25. exf3 Rxe7 26.
Re4 $14) 24. Rc5 $132 {We can feel that White has established some
communication between the opposite wings, which takes away part of the
strength of Black's attack.}) 16... Qd7 $1 ({Even though the queen exchange
with Qb3 is not possible anymore, Black wisely refrains from the seemingly
active} 16... Qd5 {First of all, this square should be left available for the
knight. Secondly, the queen is exposed on d5 allowing White to gain some time
for his queenside play:} 17. Rc1 Rf7 18. Rc5 Qd7 19. Qb3 Re8 20. Re1 f4 21. b5
$14 Qd6 $2 22. Rf5 $16 {[%cal Gf3g5,Gf5f4] Finally, the queen is quite useful
on d7, helping Black to create some threats based on ...Nd5-f4 - see later.})
17. a4 {Starting such an action with incomplete development is questionable,
but possibly not wrong yet. So I will save my "?!" for later.} (17. Qb3+ Kh8
18. Rac1 {would transpose to the aforementioned game.}) 17... f4 18. Qb3+ $6 {
But since White has commited himself to some queenside plan already, it would
have been better to keep the queen home for a while, defending e2.} (18. a5 Nd5
19. Rc1 {Either form of pawn grabbing would lead to disaster.} (19. Nxd4 fxg3
20. hxg3 Bxd4 21. Bxd4 Nf4+ 22. gxf4 Qg4+ 23. Kh1 Rf5 $19) (19. Bxd4 Bxd4 20.
Nxd4 fxg3 21. hxg3 Nf4+ 22. gxf4 Qg4+ 23. Kh1 Rf6 $19 {It is interesting that
in these two echo-variations the rook uses the f6- and f5- squares according
to the specific circumstances.}) 19... Rae8 20. Rc4 fxg3 (20... Qg4 $2 21. Bxd4
fxg3 22. Bxf6 Qg6 23. hxg3 Rxf6 24. Qd2) 21. hxg3 Qg4 22. Bc1 {White has
obtained some harmonious regrouping, allowing him to stand the strong kingside
pressure.} (22. e3 $2 Rxe3 $1) 22... Nc3 (22... Kh8 23. e4 $14) (22... Qh5 23.
Rh1 Qf7 24. Bb2 $132) 23. Qb3 Qe6 24. e4 $132 dxe3 25. Rxc3 Bxc3 26. Qxc3 Rxf3
27. Kxf3 Qd5+ 28. Kg4 Qe6+ 29. Kf3 $11) 18... Kh8 ({Black's position is so
strong that he can even step into the pin:} 18... Nd5 19. Rac1 (19. Bxd4 Rae8
20. Rae1 Bxd4 21. Nxd4 Kh8 22. Nf3 Rf6 {There is no obvious way to neutralise
Black's natural attack.}) 19... Kh8 20. Rc5 c6 21. b5 Be7 22. bxc6 bxc6 23.
Bxd4 (23. Rc4 c5 $40) 23... Bxc5 24. Bxc5 Rf6 {White has good positional
compensation for the exchange, but Black still has kingside threats.Maybe the
safest would be} 25. e4 fxe3 26. fxe3 $44) 19. Nd2 $6 {The succession of the
last three moves gives the impression that White has lost his threat
completely. Socko was probably tempted by the e4-square, failing to understand
that losing so much time would lead him straight under a decisive attack. True,
it is no longer easy to give White good advice.} (19. Rfc1 Nd5 20. Rc4 Rae8 21.
Re1 Nb6 $17 {[%csl Ga4] Oh, that impatient pawn...}) (19. b5 Rae8 20. Rfe1 Nd5
21. Rac1 fxg3 22. hxg3 Be5 $19 {/\Bxg3, /\Nf4}) 19... Nd5 (19... Rae8 $5 20.
Ne4 Re5 $40) 20. Ne4 Be5 21. Nc5 $6 {Some moves ago, this knight was the main
kingside defender. Now it moves meaninglessly in remote areas of the board.}
Qc6 22. Kg1 $6 (22. Ne4 Rad8 23. b5 Qh6 $40) 22... fxg3 (22... a5 $17) 23. hxg3
Nf4 $1 $19 {White's play has been so feeble that Black does not even need to
complete his development with ...Rae8 before starting the combinative attack.}
24. Ne4 (24. gxf4 Qg6+ 25. Kh1 Rxf4 $19) 24... Nxe2+ 25. Kg2 Qg6 26. Rae1 Qh5
27. f4 (27. Rh1 Qf3+ 28. Kh2 Rf5 $19) 27... Nxf4+ $1 28. gxf4 Bxf4 29. Ng3 Qg5
30. Rxf4 Qxf4 31. Re2 Qf3+ 32. Kh2 Rf4 33. Rg2 Rh4+ 34. Kg1 Qe3+ 0-1